Pumped Up Kicks - Foster The People - All Lyrics - Statistics

General Stats
  • This quiz has been taken 245 times
  • The average score is 324 of 389
Answer Stats
Answer % Correct
a
99%
kid
96%
the
96%
All
95%
be
95%
better
94%
gun
94%
kicks
94%
kids
94%
my
94%
other
94%
pumped
94%
R-r-r-r-run,
94%
R-r-r-run,
94%
r-run,
94%
run,
94%
run
94%
Run,
94%
up
94%
you
94%
you,
94%
You
94%
with
93%
out
91%
bullet
87%
faster
87%
outrun
85%
than
85%
he
82%
He
82%
and
80%
I
77%
He’s
76%
he's
76%
got
75%
for
74%
coming
73%
hand
71%
quick-pull
71%
Yeah,
71%
yeah,
71%
yeah"
71%
quick
69%
And
67%
and
67%
cigarette
66%
don't
59%
know
59%
his
58%
of
58%
But
57%
Daddy
57%
In
57%
in
57%
look
57%
what
56%
even
55%
cowboy
53%
on
53%
plan
53%
tell
52%
around
51%
Robert's
51%
day
50%
long
50%
me
49%
won't
49%
room,
47%
six-shooter
47%
Hanging
46%
rolled
46%
surprise
46%
is
45%
mouth,
45%
fun
44%
"Your
44%
your
44%
He’ll
43%
trigger
43%
box
42%
bringing
42%
home
42%
works
42%
things
41%
fire,
39%
closet
38%
dad's
38%
found
38%
late,
38%
late
38%
now
38%
hair's
37%
time
37%
wait
37%
kitchen
35%
say,
35%
it's
33%
lost
32%
waited
31%
reason
29%
wits,
28%
'Cause
27%
I’ve
27%
dinner's
26%
must've
26%
ice
23%
packed
23%
sleight
15%
No matching quizzes found
Score Distribution
Percent of People with Each Score
Percentile by Number Answered
Your Score History
You have not taken this quiz